000 00647nam a2200241Ia 4500
005 20260429111837.0
008 260429s9999||||xx |||||||||||||| ||und||
020 _a9789358999587
041 _aEnglish
082 _a635.3
_bGAN
100 _aGangwar, Rohit
245 0 _aComprehensive book on flower production /
_cRohit Gangwar
250 _a1st ed.
260 _aNew Delhi :
_bElite Publishing House,
_c2024.
300 _aviii, 259 p.; hb
650 _a Flower production
650 _aHorticulture
700 _a Adhikari, Kriti
700 _a Kumar, Mukesh
700 _a Kumar, Tarun
700 _a Wamiq, Mohd
942 _cTB
999 _c51131
_d51131